| 000 | 00785nam a22002057a 4500 | ||
|---|---|---|---|
| 999 |
_c11039 _d11039 |
||
| 003 | AR-CdUCM | ||
| 008 | 190402b ||||| |||| 00| 0 spa d | ||
| 020 | _a9972-1-0188-6 | ||
| 040 |
_aMUNICIPALIDAD PROVINCIAL DEL CUSCO _cBIBLIOTECA MUNICIPAL DEL CUSCO |
||
| 082 |
_aES / 373.574 / _bC29 |
||
| 100 |
_aCórdova Prado, Luis _928167 |
||
| 245 |
_aBiología : _bTeoría y experimentos / |
||
| 260 |
_aLima : _bBruño, |
||
| 300 |
_a276 paginas _c28 cm. |
||
| 505 | _aContenido :Niveles de organización del ser viviente -- Las funciones de los seres vivos -- La herencia biológica -- La evolución y la diversidad de las especies -- El equilibrio ecológico ... | ||
| 650 |
_aHistoria general _92009 |
||
| 650 |
_aHistoria del Perú _9259 |
||
| 942 |
_2ddc _cLIBROS |
||
| 945 | _arum | ||